The history of American music /

Bibliographic Details
Main Author: Elson, Louis Charles, 1848-1920
Format: Book
Language:English
Published: New York : London : The Macmillan company; Macmillan & Co., ltd., 1915.
Edition:Rev. ed.
Series:The history of American art. [v. 2]
Subjects:

MARC

Tag First Indicator Second Indicator Subfields
LEADER 00000cam a2200000 4500
001 in00000028382
005 20151007061420.0
008 760514s1915 nyuacf b 00110 eng
010 |a  15027977  
035 |a (OCoLC)02176748 
035 |9 AAD2025AM 
040 |a DLC  |c AKR  |d TXA  |d UtOrBLW 
049 |a TXAM  |c [5984] 
050 0 0 |a ML200  |b .E5 
092 |a 780.973  |b E49h, Rev. ed. 
100 1 |a Elson, Louis Charles,  |d 1848-1920. 
245 1 4 |a The history of American music /  |c by Louis C. Elson ... With twelve full-page photogravures and one hundred and three illustrations in the text. 
250 |a Rev. ed. 
264 1 |a New York :  |b The Macmillan company;  |a London :  |b Macmillan & Co., ltd.,  |c 1915. 
300 |a xiii, 387 pages including illustrations, plates, ports. :  |b frontispiece, plates, portraits ;  |c 26 cm. 
336 |a text  |b txt  |2 rdacontent 
337 |a unmediated  |b n  |2 rdamedia 
338 |a volume  |b nc  |2 rdacarrier 
490 0 |a The history of American art. [v. 2] 
504 |a "General bibliography": pages 373-374. 
650 0 |a Music  |z United States  |x History and criticism. 
999 |a MARS 
999 f f |s 30901af1-5a9d-3fa8-8646-706cf8f7e01f  |i b04fb498-f4fe-3aeb-a023-0e49010c4b86  |t 0 
952 f f |p ric  |a Texas A&M University  |b Rellis Campus  |c Joint Library Facility  |d Remote Storage  |t 0  |e ML200 .E5  |h Library of Congress classification  |i unmediated -- volume  |m A14801169090 
998 f f |a ML200 .E5  |t 0  |l Remote Storage